| 000 | 00487cam a2200145 4500500 | ||
|---|---|---|---|
| 005 | 20251012032440.0 | ||
| 041 | _afre | ||
| 042 | _adc | ||
| 100 | 1 | 0 |
_aLe Moing, Monique _eauthor |
| 245 | 0 | 0 | _aEurope, Cahier de création, mars 1998. « La poésie brésilienne à l’honneur » |
| 260 | _c1999. | ||
| 500 | _a57 | ||
| 786 | 0 | _nSigila | 3 | 2 | 1999-12-20 | p. 148-149 | 1286-1715 | |
| 856 | 4 | 1 | _uhttps://shs.cairn.info/revue-sigila-1999-1-page-148?lang=fr&redirect-ssocas=7080 |
| 999 |
_c1547292 _d1547292 |
||